| 000 -CABECERA (24) |
| Campo de control interno |
01936nam a22002894a 4500 |
| 003 - IDENTIFICADOR DE CONTROL |
| Campo control |
BOLpUSFA |
| 005 - FECHA Y HORA DE CATALOGACION |
| Campo de control |
20260407143709.0 |
| 008 - ELEMENTOS DE LONGITUD FIJA - INFORMACIÓN GENERAL |
| Campo de control de longitud fija |
t bo grm 001 | spa|| |
| 040 ## - Origen de la Catalogacion |
| Origen de la Catalogacion |
BOLpUSFA |
| 041 ## - Código de idioma (R) |
| Código de lengua del texto/banda sonora o título independiente (R) |
spa |
| 044 ## - Código de país de la publicación |
| Codigo de pais MARC |
BO |
| 082 ## - Número de la Clasificación Decimal Dewey |
| Número de la Clasificación Decimal Dewey |
ICO0043 |
| Codigo Cutter |
H641pPG |
| 100 ## - Autor Personal |
| Autor Personal |
Hilaquita Herrera, Leny Andrea |
| 245 ## - Titulo |
| Titulo |
Plan estratégico de marketing tradicional para el posicionamiento de la Empresa Cascaritas en la ciudad de La Paz. |
| 260 ## - Editorial |
| Ciudad |
El Alto: |
| Nombre de la Editorial |
Universidad Privada San Francisco de Asís. Carrera de Ingeniería Comercial, |
| Fecha |
2025 |
| 300 ## - Descripcion |
| Extension |
130 p. |
| 502 ## - Nota de Tesis |
| Nota de Tesis |
Modalidad: Proyecto de Grado - <br/>Tutora: Lic. Melody Mariel Vicente Canaviri |
| 520 ## - Resumen |
| Resumen |
Adriana Artunduaga Rojas, Gerente General busca posicionar a la empresa <br/>Cascaritas es un envoltorio a base de tela de algodón y cera de abeja una alternativa <br/>sustentable, este producto elaborado localmente donde los envoltorios deben <br/>garantizar tanto la conservación de los alimentos como una impresión positiva en los <br/>consumidores, para abordar este desafío, se empleará un enfoque inductivo con un <br/>diseño no experimental a un plazo de seis meses, se investigará la necesidad de <br/>soluciones de posicionamiento revisando la literatura sobre el marketing tradicional, <br/>haciendo un estudio preventivo con la eficacia de las estrategias de marketing, <br/>recopilando datos mediante encuestas y entrevista. Los análisis de estos datos <br/>permitirán desarrollar recomendaciones, con el objetivo de mejorar la aceptación y el <br/>posicionamiento de la empresa Cascaritas en la ciudad de la ciudad de La Paz. <br/> |
| 650 ## - Temas - Descriptores |
| Temas - Descriptores |
Ingeniería Comercial |
| 650 ## - Temas - Descriptores |
| Temas - Descriptores |
Proyecto de Grado |
| 650 ## - Temas - Descriptores |
| Temas - Descriptores |
Marketing tradicional |
| 650 ## - Temas - Descriptores |
| Temas - Descriptores |
Plan estratégico |
| 650 ## - Temas - Descriptores |
| Temas - Descriptores |
Envoltorios de algodón |
| 650 ## - Temas - Descriptores |
| Temas - Descriptores |
Impacto ambiental |
| 650 ## - Temas - Descriptores |
| Temas - Descriptores |
Productos sustentables |
| 942 ## - ELEMENTOS DE KOHA |
| Esquema de Clasificaci |
|
| Tipo de Documento |
Tesis |
| Catalogador |
LLO |